Cuestiones disputadas sobre el alma

Bewaard in:
Bibliografische gegevens
Hoofdauteur: Tomás de Aquino 1220-1274 Santo (Auteur)
Formaat: Boek
Taal:Spaans
Gepubliceerd in: Pamplona Eunsa 1999
Editie:1a. ed
Reeks:Colección de Pensamiento Medieval y Renacentista, 3
Onderwerpen:
Tags: Voeg label toe
Geen labels, Wees de eerste die dit record labelt!

MARC

LEADER 00000cam a2200000 a 4500
001 UCO5229
003 CL-VaPUC
008 000825e19990000SP |||||||||||||||||spa|d
020 |a 8431316837 
082 0 4 |a 189.4  |b TOM  |2 21 
100 |a Tomás de Aquino  |d 1220-1274  |c Santo  |e author  |9 255832 
245 1 0 |a Cuestiones disputadas sobre el alma 
250 |a 1a. ed 
300 |a 281 p 
942 |c BK 
945 |d 20000825 00:00:00  |a vberengu 
260 |a Pamplona  |b Eunsa  |c 1999 
650 0 |a Escolasticismo  |9 264998 
650 0 |a Filosofía medieval  |9 256245 
650 0 |a Ontología   |9 256850 
650 0 |a Tomismo  |9 259214 
583 |a last modification  |c 20150416 15:37:23  |k Rodrigo Vera 
490 0 |a Colección de Pensamiento Medieval y Renacentista, 3 
999 |c 291173  |d 291171 
952 |0 0  |1 0  |4 0  |6 189_400000000000000_TOM_1999  |7 0  |8 A  |9 340937  |a BIBEDU  |b BIBEDU  |d 2019-11-20  |i 3645819  |o 189.4 TOM 1999  |p 3645819  |r 2019-11-20  |w 2019-11-20  |y BK  |k FIL 
952 |0 0  |1 0  |4 0  |6 189_400000000000000_TOM_1999  |7 0  |8 DER_TF  |9 340938  |a BIBDER  |b BIBDER  |d 2019-11-20  |i 3821846  |o 189.4 TOM 1999  |p 3821846  |r 2023-01-25  |w 2019-11-20  |x Ubicación 4to Piso  |y BK  |z Estos recursos deben solicitarse con anticipación  |k DER